Light in a spotless mirror : (Record no. 29622)
[ view plain ]
| 000 -LEADER | |
|---|---|
| fixed length control field | 01046nam a2200229 4500 |
| 008 - FIXED-LENGTH DATA ELEMENTS--GENERAL INFORMATION | |
| fixed length control field | 070713s2003 pau b 101 0 eng |
| 020 ## - INTERNATIONAL STANDARD BOOK NUMBER | |
| International Standard Book Number | 1563383993 |
| 090 ## - LOCALLY ASSIGNED LC-TYPE CALL NUMBER (OCLC); LOCAL CALL NUMBER (OCLC) | |
| Classification number (OCLC) (R) ; Classification number, CALL (RLIN) (NR) | BS580.W58 |
| Local cutter number (OCLC) ; Book number/undivided call number, CALL (RLIN) | L62c |
| 245 00 - TITLE STATEMENT | |
| Title | Light in a spotless mirror : |
| Remainder of title | reflections on wisdom traditions in Judaism and early Christianity / |
| Statement of responsibility, etc | edited by James H. Charlesworth and Michael A. Daise. |
| 260 ## - PUBLICATION, DISTRIBUTION, ETC. (IMPRINT) | |
| Place of publication, distribution, etc | Harrisburg, PA : |
| Name of publisher, distributor, etc | Trinity Press International, |
| Date of publication, distribution, etc | c2003. |
| 300 ## - PHYSICAL DESCRIPTION | |
| Extent | ix, 149 p. ; |
| Dimensions | 23 cm. |
| 490 1# - SERIES STATEMENT | |
| Series statement | Faith and scholarship colloquies series |
| 504 ## - BIBLIOGRAPHY, ETC. NOTE | |
| Bibliography, etc | Includes bibliographical references (p. 135-137) and indexes. |
| 650 #4 - SUBJECT ADDED ENTRY--TOPICAL TERM | |
| Topical term or geographic name as entry element | Wisdom (Biblical personification) |
| Form subdivision | Congresses. |
| 650 #4 - SUBJECT ADDED ENTRY--TOPICAL TERM | |
| Topical term or geographic name as entry element | Wisdom |
| General subdivision | Religious aspects |
| -- | Christianity |
| -- | History of doctrines |
| Form subdivision | Congresses. |
| 650 #4 - SUBJECT ADDED ENTRY--TOPICAL TERM | |
| Topical term or geographic name as entry element | Wisdom |
| General subdivision | Religious aspects |
| -- | Judaism |
| -- | History of doctrines |
| Form subdivision | Congresses. |
| 951 ## - EQUIVALENCE OR CROSS-REFERENCE-GEOGRAPHIC NAME/AREA NAME [OBSOLETE] [CAN/MARC only] | |
| General subdivision | 00035203 |
| 700 1# - ADDED ENTRY--PERSONAL NAME | |
| Personal name | Charlesworth, James H. |
| 700 1# - ADDED ENTRY--PERSONAL NAME | |
| Personal name | Daise, Michael A. |
| 830 #0 - SERIES ADDED ENTRY--UNIFORM TITLE | |
| Uniform title | Faith and scholarship colloquies. |
| 951 ## - EQUIVALENCE OR CROSS-REFERENCE-GEOGRAPHIC NAME/AREA NAME [OBSOLETE] [CAN/MARC only] | |
| -- | 30890 |
| -- | BS580.W58/L62c |
| -- | 070713164857640 |
| -- | 2000-12-21 |
| -- | GC |
| Withdrawn status | Lost status | Damaged status | Not for loan | Home library | Current library | Shelving location | Date acquired | Accession number | Shelving control number | Total Checkouts | Full call number | Barcode | Date last seen | Price effective from | Koha item type |
|---|---|---|---|---|---|---|---|---|---|---|---|---|---|---|---|
| BSOP Library | BSOP Library | GC | 12/21/2000 | 30890 | 127 | BS580.W58/L62c | 00035203 | 02/23/2013 | 02/23/2013 | Books |
